000 00416nam a2200157 i 4500
001 83254
003 ES-MaACL
005 20230906174810.0
007 t|
008 041116s1969 sp ||||1| spa d
100 1 _aInsúa de Palacios, Sara.
_965349
245 1 0 _aPétalos /
_cSara Insúa de Palacios.
260 _aMadrid :
_b[s.n.,
_c1969]
300 _a39 p. ;
_c17 cm.
852 _aES-MaACL
_j2122-F-21
_bR.106723
999 _c83254
_d83254